| 000 | 00736 a2200265 4500 | ||
|---|---|---|---|
| 999 |
_c532140 _d532140 |
||
| 001 | 92385 | ||
| 003 | NUST | ||
| 005 | 20191111113632.0 | ||
| 008 | 170602b xxu||||| |||| 00| 0 eng d | ||
| 038 | _aMSOHAIL | ||
| 040 | _cNUST | ||
| 082 |
_a891.4393 _bSID |
||
| 100 |
_aSalik Siddique _91898 |
||
| 245 |
_aEmergency _cSalik Sidique |
||
| 260 |
_aLahore _bAl-Faisal _c2006 |
||
| 300 | _a219 p. | ||
| 500 | _aNovel | ||
| 546 | _aIn Urdu | ||
| 610 |
_asaluet-militray life _91899 |
||
| 650 |
_aUrdu Literature- Novel _91164 |
||
| 880 |
_aایمرجنسی _6245-02\(3\r _cصدیق سالک |
||
| 880 |
_aصدیق سالک _6100-01\(3\r |
||
| 880 |
_aلاہور: _6260-03\(3\r _bالفیصل ناشران، _c2006 |
||
| 942 |
_2ddc _cBK |
||